| 000 | 00990nam0a2200337 4500 | ||
|---|---|---|---|
| 001 | RU\NLR\bibl\353805 | ||
| 005 | 20250621154452.0 | ||
| 010 |
_bВ пер. _9500 |
||
| 021 |
_aRU _b2002-51299 _92481 |
||
| 035 | _a(NLR Aleph) 000348493 | ||
| 090 |
_a261001 _c261001 |
||
| 100 | _a20021219d2002 |||y0rusy50 ca | ||
| 101 | 0 | _arus | |
| 102 | _aRU | ||
| 105 | _aa ||||||||| | ||
| 200 | 1 |
_aМедовый хмель _eСтихотворения _fАлексей Игнатенко |
|
| 210 |
_aПсков _cБ.и. _d2002 |
||
| 215 |
_a119 с. _cил. _d14 |
||
| 675 |
_a821.161.1-1Игнатенко _v3 _zrus |
||
| 686 |
_a17.82 _2rugasnti |
||
| 686 |
_a84(2Рос-Рус)6-5 _2rubbk |
||
| 686 | _aШ6(2=Р)75-5 | ||
| 700 | 1 |
_aИгнатенко _bА. С. _gАлексей С _4070 |
|
| 801 | 0 |
_aRU _bRKP _c20021219 _gPSBO |
|
| 801 | 1 |
_aRU _bRKP _c20021219 |
|
| 801 | 2 |
_aRU _bNLR _c20030205 _grcr |
|
| 942 | _cBOOK | ||
| 980 | _aNB | ||
| 980 | _aNBR | ||